01020nam a2200265Ia 450000500170000000800340001702000180005108200170006910000290008624501420011525000210025730000480027865000540032665000440038065000280042465000360045265000340048870000300052270000480055226400310060033600270063133700330065833800280069104000350071920220317000354.0141031s2013 s a 0 gpa d s  a978843423276104a372.86bE52e1 aEnfedaque Montes, Helena10aEjercicios de educación físicactextos Elena Enfedaque Montes ; ilustraciones Gustavo Fabio Regalado Navarro, editor Jesús Araújo aCuarta edición a192 páginasbilustraciones a colorc28 cm142LEMBaEducación físicaxEnseñanza elemental142LEMBaEducación física para niños142LEMBaJuegos educativos142LEMBaAptitud motora en niños142LEMBaEducación psicomotriz1 aAraújo, Jesúseeditor1 aRegalado Navarro, Gustavo Fabioeilustrador aBadalonabParramónc2013 atextobtxt2rdacontent asin mediaciónbn2rdamedia avolumenbnc2rdacarrier aCO-BoRNBPbspaerdacCO-BoRNBP